[Event "Rio de Janeiro Cortinhas Memorial 3rd"]
[Site "Rio de Janeiro"]
[Date "2019.04.27"]
[Round "2"]
[White "Rios Filho, Hilton Carlos da Si"]
[Black "Rovedo, Salomao"]
[Result "1-0"]
[WhiteElo "2124"]
[BlackElo "1596"]
[PlyCount "37"]
[EventDate "2019.04.27"]
[EventType "swiss"]
[EventRounds "6"]
[EventCountry "BRA"]
[SourceTitle "CBM 190 Extra"]
[Source "ChessBase"]
[SourceDate "2019.07.15"]
[SourceVersion "1"]
[SourceVersionDate "2019.07.15"]
[SourceQuality "1"]

1. e4 c5 2. Nf3 Nc6 3. d4 cxd4 4. Nxd4 Nf6 5. Nc3 e5 6. Ndb5 d6 7. Nd5 Nxd5 8. exd5 Ne7 9. c4 Nf5 10. Bd3 Be7 11. 0-0 0-0 12. f4 exf4 13. Rxf4 Qb6+ 14. Kh1 g6 15. g4 Ng7 16. Qe2 Re8 17. Be3 Qd8 18. Qc2 a6 19. Bb6 1-0

[Event "Rio de Janeiro Cortinhas Memorial 2nd"]
[Site "Rio de Janeiro"]
[Date "2018.05.27"]
[Round "5"]
[White "Rodrigues, Nei Jorge"]
[Black "Rios Filho, Hilton Carlos da Si"]
[Result "0-1"]
[WhiteElo "1924"]
[BlackElo "2123"]
[PlyCount "52"]
[EventDate "2018.05.25"]
[EventType "swiss"]
[EventRounds "5"]
[EventCountry "BRA"]
[SourceTitle "CBM 184 Extra"]
[Source "ChessBase"]
[SourceDate "2018.06.28"]
[SourceVersion "1"]
[SourceVersionDate "2018.06.28"]
[SourceQuality "1"]

1. d4 Nf6 2. Nf3 d5 3. c4 c6 4. Nc3 dxc4 5. a4 Bg4 6. Ne5 Bh5 7. Nxc4 e6 8. Qb3 Na6 9. e3 Nb4 10. Na2 Nxa2 11. Rxa2 Rb8 12. Bd3 c5 13. Ne5 a6 14. dxc5 Bxc5 15. 0-0 0-0 16. h3 Qc7 17. Nc4 Rfd8 18. Nd2 b5 19. axb5 axb5 20. Ne4 Nxe4 21. Bxe4 Be2 22. Qc2 Bxf1 23. Kxf1 Qd6 24. g4 Rbc8 25. Qe2 Qd1+ 26. Qe1 Bb4 0-1

[Event "Rio de Janeiro Estadual-ch"]
[Site "Rio de Janeiro"]
[Date "2018.04.28"]
[Round "2"]
[White "Manzi, Luiz Antonio Bardao"]
[Black "Rios Filho, Hilton Carlos da Si"]
[Result "1-0"]
[WhiteElo "2017"]
[BlackElo "2123"]
[PlyCount "95"]
[EventDate "2018.04.28"]
[EventType "swiss"]
[EventRounds "6"]
[EventCountry "BRA"]
[SourceTitle "CBM 184 Extra"]
[Source "ChessBase"]
[SourceDate "2018.06.28"]
[SourceVersion "1"]
[SourceVersionDate "2018.06.28"]
[SourceQuality "1"]

1. Nf3 Nf6 2. g3 g6 3. b3 Bg7 4. Bb2 0-0 5. Bg2 d6 6. 0-0 e5 7. d3 c5 8. c4 Nc6 9. Nc3 Nh5 10. Rb1 Be6 11. Qd2 h6 12. a3 f5 13. b4 Rf7 14. b5 Ne7 15. Rfd1 Qd7 16. a4 Raf8 17. Ne1 f4 18. Ne4 Bh3 19. Nxd6 fxg3 20. Nxf7 gxf2+ 21. Kxf2 Qg4 22. e3 Rxf7+ 23. Kg1 Nf5 24. Kh1 Nfg3+ 25. hxg3 Nxg3+ 26. Kh2 Ne2 27. Qxe2 Qxe2 28. Kxh3 Rf2 29. Bd5+ Kh8 30. Ng2 b6 31. Kg3 Rf8 32. Be4 h5 33. Kh2 Qg4 34. Rg1 Rf2 35. Bc3 h4 36. Rh1 Qg3+ 37. Kg1 h3 38. Rxh3+ Qxh3 39. Kxf2 g5 40. Rf1 Bf6 41. Ke2 Kg7 42. Rf2 Qe6 43. Bf5 Qe8 44. Bg4 Qh8 45. e4 Qh1 46. Be1 Kg6 47. Ne3 Qh8 48. Nd5 1-0

[Event "Guanabara CC/TTC op 1st"]
[Site "Rio de Janeiro"]
[Date "2018.03.11"]
[Round "5"]
[White "Rios Filho, Hilton Carlos da Si"]
[Black "Ramos, Angelo Bil"]
[Result "1-0"]
[WhiteElo "2117"]
[BlackElo "1953"]
[PlyCount "51"]
[EventDate "2018.03.03"]
[EventType "swiss"]
[EventRounds "6"]
[EventCountry "BRA"]
[SourceTitle "EXT 2019"]
[Source "ChessBase"]
[SourceDate "2018.10.10"]
[SourceVersion "1"]
[SourceVersionDate "2018.10.10"]
[SourceQuality "1"]

1. d4 Nf6 2. c4 g6 3. f3 d5 4. cxd5 Nxd5 5. e4 Nb6 6. Nc3 Bg7 7. Be3 0-0 8. Qd2 e5 9. d5 c6 10. h4 cxd5 11. exd5 N8d7 12. h5 Nf6 13. hxg6 hxg6 14. 0-0-0 Bd7 15. Bh6 Nh5 16. Bxg7 Kxg7 17. Bd3 Rh8 18. Nge2 Rc8 19. Kb1 Nc4 20. Bxc4 Rxc4 21. Qe3 Qb8 22. b3 Rcc8 23. d6 Rce8 24. g4 Nf4 25. Rxh8 Rxh8 26. Qxe5+ 1-0

[Event "Rio de Janeiro Padua Memorial 2nd"]
[Site "Rio de Janeiro"]
[Date "2017.10.15"]
[Round "5"]
[White "Viana, Dirceu"]
[Black "Rios Filho, Hilton Carlos da Si"]
[Result "1-0"]
[WhiteElo "2158"]
[BlackElo "2116"]
[PlyCount "45"]
[EventDate "2017.10.12"]
[EventType "swiss"]
[EventRounds "6"]
[EventCountry "BRA"]
[SourceTitle "CBM 181 Extra"]
[Source "ChessBase"]
[SourceDate "2017.12.12"]
[SourceVersion "1"]
[SourceVersionDate "2017.12.12"]
[SourceQuality "1"]

1. e4 d5 2. exd5 Qxd5 3. Nc3 Qd6 4. Bc4 Nf6 5. d3 Bg4 6. Nge2 Nc6 7. h3 Bf5 8. 0-0 0-0-0 9. b4 e6 10. Rb1 Be7 11. Be3 Qd7 12. Bb5 a6 13. Ba4 b5 14. Nxb5 axb5 15. Bxb5 Qd5 16. c4 Qxd3 17. Qa4 Nb8 18. Ba6+ Nxa6 19. Qxa6+ Kd7 20. Rbd1 Ke8 21. Qc6+ Kf8 22. Rxd3 Bxd3 23. Re1 1-0

[Event "Tijuca Tenis Clube op 3rd"]
[Site "Rio de Janeiro"]
[Date "2017.09.24"]
[Round "6"]
[White "Rios Filho, Hilton Carlos da Si"]
[Black "Limp, Eduardo Thelio"]
[Result "1-0"]
[WhiteElo "2097"]
[BlackElo "2377"]
[PlyCount "61"]
[EventDate "2017.09.21"]
[EventType "swiss"]
[EventRounds "6"]
[EventCountry "BRA"]
[SourceTitle "EXT 2019"]
[Source "ChessBase"]
[SourceDate "2018.10.10"]
[SourceVersion "1"]
[SourceVersionDate "2018.10.10"]
[SourceQuality "1"]

1. d4 d5 2. c4 c6 3. Nf3 Nf6 4. Nc3 g6 5. Bf4 Bg7 6. e3 0-0 7. h3 a6 8. Rc1 e6 9. Bd3 Nbd7 10. 0-0 Nh5 11. Bd6 Re8 12. g4 dxc4 13. Bb1 Nhf6 14. e4 h5 15. e5 hxg4 16. hxg4 Nxg4 17. Kg2 Nb6 18. Rh1 Nd5 19. Qd2 f5 20. Rh4 Bd7 21. Rch1 Nxc3 22. bxc3 c5 23. Ng5 Bc6+ 24. f3 cxd4 25. cxd4 c3 26. Qf4 Qb6 27. Rxg4 Qb2+ 28. Kg3 Rad8 29. Rgh4 Rd7 30. Rh8+ Bxh8 31. Qh4 1-0

[Event "Tijuca Tenis Clube op 3rd"]
[Site "Rio de Janeiro"]
[Date "2017.09.23"]
[Round "4"]
[White "Reis, Virginia Lagrange M"]
[Black "Rios Filho, Hilton Carlos da Si"]
[Result "0-1"]
[WhiteElo "1824"]
[BlackElo "2097"]
[PlyCount "84"]
[EventDate "2017.09.21"]
[EventType "swiss"]
[EventRounds "6"]
[EventCountry "BRA"]
[SourceTitle "EXT 2019"]
[Source "ChessBase"]
[SourceDate "2018.10.10"]
[SourceVersion "1"]
[SourceVersionDate "2018.10.10"]
[SourceQuality "1"]

1. e4 e6 2. d4 d5 3. Nd2 Nc6 4. c3 e5 5. exd5 Qxd5 6. dxe5 Nxe5 7. Ngf3 Nd3+ 8. Bxd3 Qxd3 9. Qa4+ Bd7 10. Qc4 Qxc4 11. Nxc4 0-0-0 12. 0-0 h6 13. Be3 Ne7 14. Nce5 Be8 15. Rad1 Rxd1 16. Rxd1 b6 17. c4 Nf5 18. Bc1 Nd6 19. Nd2 Be7 20. b4 f6 21. Nd3 Bf7 22. Re1 Re8 23. Nb2 Nf5 24. a3 Nd4 25. Nd3 g5 26. Bb2 Ne6 27. Kf1 Rd8 28. Re3 Rd7 29. Ke2 Kd8 30. c5 Nd4+ 31. Kd1 Nf5 32. Rxe7 Kxe7 33. cxb6 cxb6 34. Nc1 Nh4 35. g3 Nf3 36. Bc3 Nxh2 37. Ke2 Ng4 38. Ne4 Bd5 39. Nd2 Ne5 40. Ke3 Nc4+ 41. Nxc4 Bxc4 42. Bd4 h5 0-1

[Event "Tijuca Tenis Clube op 3rd"]
[Site "Rio de Janeiro"]
[Date "2017.09.22"]
[Round "2"]
[White "Rodi, Luis Ernesto"]
[Black "Rios Filho, Hilton Carlos da Si"]
[Result "1/2-1/2"]
[WhiteElo "2336"]
[BlackElo "2097"]
[PlyCount "48"]
[EventDate "2017.09.21"]
[EventType "swiss"]
[EventRounds "6"]
[EventCountry "BRA"]
[SourceTitle "EXT 2019"]
[Source "ChessBase"]
[SourceDate "2018.10.10"]
[SourceVersion "1"]
[SourceVersionDate "2018.10.10"]
[SourceQuality "1"]

1. e4 e5 2. d4 exd4 3. Nf3 Nc6 4. Nxd4 Nf6 5. Nc3 Bb4 6. Nxc6 bxc6 7. Bd3 d5 8. exd5 cxd5 9. 0-0 0-0 10. h3 Be6 11. Qf3 c6 12. Ne2 c5 13. c3 Ba5 14. Bg5 Bc7 15. Rfe1 Rb8 16. Rab1 Rb6 17. Bc2 h6 18. Bh4 d4 19. Bxf6 Qxf6 20. Qxf6 gxf6 21. cxd4 Bxa2 22. dxc5 Rb4 23. Ra1 Rxb2 24. Bb1 Bxb1 1/2-1/2

[Event "Tijuca Tenis Clube op 2nd"]
[Site "Rio de Janeiro"]
[Date "2017.07.15"]
[Round "1"]
[White "Ferreira, Jose Carlos"]
[Black "Rios Filho, Hilton Carlos da Si"]
[Result "1-0"]
[WhiteElo "1816"]
[BlackElo "2105"]
[PlyCount "74"]
[EventDate "2017.07.15"]
[EventType "swiss"]
[EventRounds "6"]
[EventCountry "BRA"]
[SourceTitle "EXT 2019"]
[Source "ChessBase"]
[SourceDate "2018.10.10"]
[SourceVersion "1"]
[SourceVersionDate "2018.10.10"]
[SourceQuality "1"]

1. e4 d6 2. d4 Nf6 3. Bd3 e5 4. d5 g6 5. c4 h5 6. Nc3 Bh6 7. Bxh6 Rxh6 8. Qd2 Rh7 9. Nge2 a5 10. a3 Na6 11. b4 Bd7 12. b5 Nc5 13. Bc2 Kf8 14. 0-0 Qe7 15. Qg5 Nxd5 16. Qxe7+ Nxe7 17. f4 Kg8 18. f5 gxf5 19. exf5 f6 20. Rf3 Kf7 21. Raf1 Rg8 22. Rg3 Rxg3 23. Nxg3 h4 24. Nh1 Nc8 25. Ne4 Nxe4 26. Bxe4 c6 27. bxc6 Bxc6 28. Bxc6 bxc6 29. Rb1 Ke8 30. g4 Kd8 31. Kg2 Kc7 32. Nf2 Nb6 33. c5 dxc5 34. Ne4 Nd5 35. Nxc5 Kc8 36. Kf3 Re7 37. Ne4 Rb7 1-0

[Event "Rio de Janeiro Andrade Memorial 1st"]
[Site "Rio de Janeiro"]
[Date "2017.06.18"]
[Round "5"]
[White "Teixeira, Ricardo da Silva"]
[Black "Rios Filho, Hilton Carlos da Si"]
[Result "0-1"]
[WhiteElo "2208"]
[BlackElo "2111"]
[PlyCount "116"]
[EventDate "2017.06.15"]
[EventType "swiss"]
[EventRounds "6"]
[EventCountry "BRA"]
[SourceTitle "EXT 2018"]
[Source "ChessBase"]
[SourceDate "2017.10.13"]
[SourceVersion "1"]
[SourceVersionDate "2017.10.13"]
[SourceQuality "1"]

1. Nf3 Nf6 2. c4 e6 3. g3 a6 4. Nc3 c5 5. Bg2 Qc7 6. 0-0 b6 7. d4 cxd4 8. Qxd4 Bb7 9. Bg5 Be7 10. Rfd1 0-0 11. Bf4 Qd8 12. Bd6 Bxd6 13. Qxd6 Bc6 14. Ne5 Bxg2 15. Kxg2 Ra7 16. Rac1 Qc7 17. Qxc7 Rxc7 18. Na4 Rb7 19. Rd6 b5 20. Nc5 Ra7 21. cxb5 axb5 22. a3 Rc8 23. Rb6 Rac7 24. Ncd3 Rxc1 25. Nxc1 Nc6 26. Ncd3 Rb8 27. Nxd7 Rxb6 28. Nxb6 Kf8 29. Nc8 Ne8 30. f4 f5 31. Ne5 Nd4 32. Kf2 Nc7 33. Ke3 Nb3 34. Kd3 Nc5+ 35. Kd4 N5a6 36. b4 Ke8 37. Nd6+ Ke7 38. Nb7 Nd5 39. Nc5 Nac7 40. e4 fxe4 41. Nxe4 Na6 42. f5 Ndc7 43. Nc5 exf5 44. Nxa6 Nxa6 45. Kd5 g5 46. Kc6 Ke6 47. Nd3 Nb8+ 48. Kc5 h5 49. h4 f4 50. gxf4 gxh4 51. Kd4 Kf5 52. Ke3 Kg4 53. Ne5+ Kg3 54. f5 h3 55. f6 h2 56. f7 h1Q 57. f8Q Qe1+ 58. Kd4 Qxe5+ 0-1

[Event "Rio de Janeiro Cortinhas Memorial 1st"]
[Site "Rio de Janeiro"]
[Date "2017.04.21"]
[Round "1"]
[White "Rios Filho, Hilton Carlos da Si"]
[Black "Rodriguez, Ricardo Tuttle"]
[Result "1-0"]
[WhiteElo "2122"]
[BlackElo "1776"]
[PlyCount "97"]
[EventDate "2017.04.21"]
[EventType "swiss"]
[EventRounds "6"]
[EventCountry "BRA"]
[SourceTitle "CBM 178 Extra"]
[Source "ChessBase"]
[SourceDate "2017.06.22"]
[SourceVersion "1"]
[SourceVersionDate "2017.06.22"]
[SourceQuality "1"]

1. d4 Nf6 2. c4 e6 3. Nf3 d5 4. g3 Be7 5. Bg2 0-0 6. Qc2 c6 7. Nbd2 Nbd7 8. 0-0 h6 9. e4 dxe4 10. Nxe4 Nxe4 11. Qxe4 Nf6 12. Qe2 Re8 13. Rd1 Qc7 14. Rb1 a5 15. Ne5 Nd7 16. Nd3 Bf6 17. Be3 e5 18. d5 c5 19. a3 Be7 20. b4 axb4 21. axb4 Bd6 22. Qd2 b6 23. Rdc1 Nf8 24. bxc5 bxc5 25. f3 Bd7 26. Qf2 Ra5 27. Rb3 Rb8 28. Rxb8 Qxb8 29. Nxc5 Bc8 30. Ne4 Ba3 31. Ra1 Qb3 32. Nd2 Qc3 33. Rb1 Qxe3 34. Qxe3 Bc5 35. Qxc5 Rxc5 36. Bf1 Nd7 37. Nb3 Rc7 38. d6 Rb7 39. Bd3 g6 40. c5 Nb8 41. Na5 Rxb1+ 42. Bxb1 Bd7 43. Be4 f5 44. Bd5+ Kf8 45. c6 Bc8 46. Nc4 f4 47. g4 g5 48. Nb6 Ba6 49. c7 1-0

[Event "Rio de Janeiro CXG op 1st"]
[Site "Rio de Janeiro"]
[Date "2017.04.01"]
[Round "6"]
[White "Rios Filho, Hilton Carlos da Si"]
[Black "Baeta, Marcio Netto"]
[Result "0-1"]
[WhiteElo "2122"]
[BlackElo "2014"]
[PlyCount "62"]
[EventDate "2017.03.25"]
[EventType "swiss"]
[EventRounds "6"]
[EventCountry "BRA"]
[SourceTitle "CBM 177 Extra"]
[Source "ChessBase"]
[SourceDate "2017.04.27"]
[SourceVersion "1"]
[SourceVersionDate "2017.04.27"]
[SourceQuality "1"]

1. c4 f5 2. g3 Nf6 3. Nc3 g6 4. Bg2 d6 5. e3 e5 6. d3 Bg7 7. Nge2 0-0 8. 0-0 Nc6 9. Rb1 a5 10. a3 Be6 11. Nd5 Rb8 12. b4 axb4 13. axb4 Ne7 14. Nec3 Nexd5 15. cxd5 Bd7 16. Qb3 b5 17. Bd2 h6 18. Ra1 e4 19. Ra5 exd3 20. Qb1 Ng4 21. Qxd3 Ne5 22. Qc2 Nc4 23. Ra2 Qg5 24. Ra7 Ra8 25. Rfa1 Rac8 26. Be1 Rfe8 27. Rc1 Ra8 28. Ra2 Rxa2 29. Qxa2 Rxe3 30. Bd2 Nxd2 31. Qxd2 Rxc3 0-1

[Event "Rio de Janeiro CXG op 1st"]
[Site "Rio de Janeiro"]
[Date "2017.03.26"]
[Round "3"]
[White "Rios Filho, Hilton Carlos da Si"]
[Black "Khaje Hesamedini, Ali"]
[Result "1/2-1/2"]
[WhiteElo "2122"]
[BlackElo "2251"]
[PlyCount "65"]
[EventDate "2017.03.25"]
[EventType "swiss"]
[EventRounds "6"]
[EventCountry "BRA"]
[SourceTitle "CBM 177 Extra"]
[Source "ChessBase"]
[SourceDate "2017.04.27"]
[SourceVersion "1"]
[SourceVersionDate "2017.04.27"]
[SourceQuality "1"]

1. c4 Nf6 2. g3 g6 3. Bg2 Bg7 4. Nc3 0-0 5. e3 Nc6 6. Rb1 e6 7. Nge2 d5 8. cxd5 exd5 9. d4 Bf5 10. Ra1 Qd7 11. Nf4 Ne7 12. b3 Rfe8 13. 0-0 Bh6 14. Nd3 Bh3 15. Ne5 Qc8 16. Bxh3 Qxh3 17. Qf3 Ng4 18. Qg2 Qxg2+ 19. Kxg2 Rab8 20. Re1 Nf6 21. Ba3 Bf8 22. Rac1 Nc8 23. Bb2 Nd6 24. g4 c6 25. f3 Bh6 26. Nd1 Rbd8 27. h3 Re7 28. Rc2 Rde8 29. Rce2 Bf8 30. Nf2 h5 31. Nfd3 hxg4 32. hxg4 Re6 33. a4 1/2-1/2

[Event "Rio de Janeiro CXG op 1st"]
[Site "Rio de Janeiro"]
[Date "2017.03.25"]
[Round "2"]
[White "Rios Filho, Hilton Carlos da Si"]
[Black "Ramos, Angelo Bil"]
[Result "1-0"]
[WhiteElo "2122"]
[BlackElo "1934"]
[PlyCount "51"]
[EventDate "2017.03.25"]
[EventType "swiss"]
[EventRounds "6"]
[EventCountry "BRA"]
[SourceTitle "CBM 177 Extra"]
[Source "ChessBase"]
[SourceDate "2017.04.27"]
[SourceVersion "1"]
[SourceVersionDate "2017.04.27"]
[SourceQuality "1"]

1. d4 Nf6 2. c4 g6 3. Nc3 d5 4. cxd5 Nxd5 5. e4 Nxc3 6. bxc3 Bg7 7. Bc4 c5 8. Ne2 Nc6 9. Be3 0-0 10. 0-0 Bg4 11. f3 Na5 12. Bxf7+ Rxf7 13. fxg4 Rxf1+ 14. Kxf1 cxd4 15. cxd4 e5 16. Kg1 b5 17. dxe5 Qxd1+ 18. Rxd1 Nc4 19. Bf4 Re8 20. Nc3 a6 21. Nd5 Bxe5 22. Bxe5 Rxe5 23. Kf2 Kg7 24. Rd4 Nd6 25. Kf3 Nxe4 26. Kf4 1-0

[Event "Rio de Janeiro-ch Estadual"]
[Site "Rio de Janeiro"]
[Date "2016.11.12"]
[Round "6.2"]
[White "Okamura, Milton Kasuo"]
[Black "Rios Filho, Hilton Carlos da Si"]
[Result "1-0"]
[WhiteElo "1986"]
[BlackElo "2176"]
[PlyCount "115"]
[EventDate "2016.11.04"]
[EventType "swiss"]
[EventRounds "6"]
[EventCountry "BRA"]
[SourceTitle "EXT 2022"]
[Source "ChessBase"]
[SourceDate "2021.10.06"]
[SourceVersion "1"]
[SourceVersionDate "2021.10.06"]
[SourceQuality "1"]

1. d4 d5 2. c4 Bf5 3. Nf3 e6 4. Nc3 c6 5. Qb3 Qb6 6. c5 Qxb3 7. axb3 Na6 8. Bf4 Nf6 9. h3 Be7 10. Ra4 Kd8 11. e3 Nc7 12. b4 a6 13. Be2 Ne4 14. Nxe4 dxe4 15. Nd2 Nd5 16. Bg3 b5 17. cxb6 Nxb6 18. Rxa6 Rxa6 19. Bxa6 Bxb4 20. Ke2 Kd7 21. Rc1 Nd5 22. Bb7 Ne7 23. Nc4 f6 24. Nb6+ Ke8 25. Bxc6+ Kf7 26. Bb7 Ba5 27. Nc4 Bb4 28. Nd6+ Kg6 29. Rc4 Ba5 30. Ra4 Bd8 31. Ra8 Rf8 32. Nxe4 Nd5 33. Nd6 Nb6 34. Nxf5 Nxa8 35. Nh4+ Kf7 36. Bxa8 Bc7 37. Bxc7 Rxa8 38. Bd6 Ra1 39. Nf3 Rb1 40. b4 Ke8 41. Nd2 Rb2 42. Kd3 Kd7 43. Bf8 g6 44. Kc3 Ra2 45. Bg7 Ke7 46. b5 Ra3+ 47. Kb4 Ra2 48. Ne4 Rb2+ 49. Ka5 f5 50. Nc5 Ra2+ 51. Kb6 Rxf2 52. Kc7 g5 53. b6 Rxg2 54. b7 Rb2 55. b8Q Rxb8 56. Kxb8 h5 57. Be5 h4 58. Nd3 1-0

[Event "Rio de Janeiro-ch Estadual"]
[Site "Rio de Janeiro"]
[Date "2016.11.12"]
[Round "5.1"]
[White "Rios Filho, Hilton Carlos da Si"]
[Black "Fucs, Paulo Moses"]
[Result "1/2-1/2"]
[WhiteElo "2176"]
[BlackElo "2046"]
[PlyCount "151"]
[EventDate "2016.11.04"]
[EventType "swiss"]
[EventRounds "6"]
[EventCountry "BRA"]
[SourceTitle "EXT 2022"]
[Source "ChessBase"]
[SourceDate "2021.10.06"]
[SourceVersion "1"]
[SourceVersionDate "2021.10.06"]
[SourceQuality "1"]

1. d4 Nf6 2. c4 e6 3. Nf3 b6 4. a3 Bb7 5. Nc3 d5 6. cxd5 exd5 7. g3 Nbd7 8. Bg2 Be7 9. 0-0 0-0 10. Bf4 a6 11. b4 b5 12. Qb3 Nb6 13. Ne5 Nc4 14. Rfd1 c6 15. Nd3 Bd6 16. Bxd6 Nxd6 17. Nc5 Re8 18. e3 Bc8 19. Re1 Bf5 20. Ra2 h5 21. a4 Qc8 22. Rea1 Rb8 23. Nd1 Re7 24. f3 Nc4 25. Re2 a5 26. bxa5 Nxa5 27. Qb4 Ra7 28. axb5 Rxb5 29. Qe1 Ne8 30. Rea2 Qd8 31. Bf1 Rb1 32. Rxb1 Bxb1 33. Rb2 Bg6 34. Ba6 Nc4 35. Ra2 Ra8 36. Bxc4 dxc4 37. Rxa8 Qxa8 38. Qc3 Qa2 39. Qb2 Qa7 40. e4 Nf6 41. Ne3 h4 42. g4 c3 43. Qxc3 Qa2 44. Qc2 Qa1+ 45. Qd1 Qc3 46. Ng2 h3 47. Ne1 Qe3+ 48. Kf1 Qf4 49. Qe2 Nxg4 50. Ncd3 Nxh2+ 51. Kg1 Qg3+ 52. Kh1 Bh5 53. Qf2 Qxf2 54. Nxf2 Nxf3 55. Nc2 h2 56. Ne3 Nxd4 57. Kxh2 f6 58. Nd3 Bg6 59. Nc5 Kf7 60. Kg3 Ke7 61. Nc4 Ne6 62. Nxe6 Kxe6 63. Kf4 Bh7 64. Na5 g5+ 65. Ke3 Kd6 66. Nb7+ Ke5 67. Nc5 f5 68. Nd7+ Kd6 69. Nf8 f4+ 70. Kf3 Bxe4+ 71. Kxe4 c5 72. Nh7 g4 73. Kxf4 c4 74. Ng5 c3 75. Ne4+ Kd5 76. Nxc3+ 1/2-1/2

[Event "Rio de Janeiro-ch Estadual"]
[Site "Rio de Janeiro"]
[Date "2016.11.06"]
[Round "3.1"]
[White "Rios Filho, Hilton Carlos da Si"]
[Black "Santos Filho, Tadeu Souza"]
[Result "1-0"]
[WhiteElo "2176"]
[BlackElo "2062"]
[PlyCount "111"]
[EventDate "2016.11.04"]
[EventType "swiss"]
[EventRounds "6"]
[EventCountry "BRA"]
[SourceTitle "EXT 2022"]
[Source "ChessBase"]
[SourceDate "2021.10.06"]
[SourceVersion "1"]
[SourceVersionDate "2021.10.06"]
[SourceQuality "1"]

1. Nf3 Nf6 2. d4 g6 3. c4 Bg7 4. Nc3 0-0 5. e4 d6 6. Be2 Na6 7. 0-0 e5 8. Re1 c6 9. Bf1 Qe7 10. Rb1 Bg4 11. d5 c5 12. a3 Nh5 13. h3 Bd7 14. b4 b6 15. Rb3 h6 16. g3 Be8 17. Be2 Bd7 18. Kh2 Nf6 19. Be3 Rfc8 20. Qd2 Kh7 21. Reb1 Ng8 22. Bd3 Kh8 23. Qc2 Qf8 24. Rf1 f5 25. Nh4 Ne7 26. f4 exf4 27. gxf4 Qf6 28. Nf3 fxe4 29. Nxe4 Qf5 30. b5 Qxh3+ 31. Kg1 Nf5 32. Bc1 Nc7 33. Be2 Ng3 34. Nxd6 Nxf1 35. Bxf1 Qg3+ 36. Qg2 Qxg2+ 37. Kxg2 Rf8 38. Ne5 Bf5 39. Nxf5 Rxf5 40. Nxg6+ Kh7 41. Rg3 Rf7 42. Bd3 Kg8 43. Nh4 a6 44. a4 axb5 45. axb5 Ne8 46. Bg6 Re7 47. Nf5 Ra2+ 48. Kh3 Re1 49. Bxe8 Rh1+ 50. Kg4 Rxc1 51. Kh5 Rh2+ 52. Kg6 Bf8 53. d6 Rd1 54. Bf7+ Kh8 55. Bd5 Ra2 56. d7 1-0

[Event "Rio de Janeiro-ch Estadual"]
[Site "Rio de Janeiro"]
[Date "2016.11.06"]
[Round "4.1"]
[White "Zacarias, Rodrigo Medeiros"]
[Black "Rios Filho, Hilton Carlos da Si"]
[Result "1-0"]
[WhiteElo "2112"]
[BlackElo "2176"]
[PlyCount "35"]
[EventDate "2016.11.04"]
[EventType "swiss"]
[EventRounds "6"]
[EventCountry "BRA"]
[SourceTitle "EXT 2022"]
[Source "ChessBase"]
[SourceDate "2021.10.06"]
[SourceVersion "1"]
[SourceVersionDate "2021.10.06"]
[SourceQuality "1"]

1. e4 e5 2. Nf3 d6 3. d4 Nf6 4. Nc3 Nbd7 5. Bg5 Be7 6. Qd2 c6 7. 0-0-0 b5 8. Bxf6 Bxf6 9. d5 b4 10. dxc6 bxc3 11. cxd7+ Bxd7 12. Qxc3 Be7 13. Bc4 0-0 14. Kb1 Rc8 15. Qd3 Qb6 16. Bb3 Rc5 17. Nd2 Rfc8 18. Nc4 1-0

[Event "Rio de Janeiro-ch Estadual"]
[Site "Rio de Janeiro"]
[Date "2016.11.05"]
[Round "2.2"]
[White "Rios Filho, Hilton Carlos da Si"]
[Black "Baeta, Marcio Netto"]
[Result "1-0"]
[WhiteElo "2176"]
[BlackElo "1981"]
[PlyCount "55"]
[EventDate "2016.11.04"]
[EventType "swiss"]
[EventRounds "6"]
[EventCountry "BRA"]
[SourceTitle "EXT 2022"]
[Source "ChessBase"]
[SourceDate "2021.10.06"]
[SourceVersion "1"]
[SourceVersionDate "2021.10.06"]
[SourceQuality "1"]

1. Nf3 Nf6 2. d4 d5 3. c4 c6 4. Nc3 e6 5. e3 Be7 6. b3 0-0 7. Bd3 Nbd7 8. 0-0 Re8 9. Bb2 Bd6 10. e4 e5 11. cxd5 cxd5 12. dxe5 Nxe5 13. Nxd5 Bg4 14. Bxe5 Bxe5 15. Rc1 Nxd5 16. exd5 Qf6 17. Be2 Bd6 18. Rc4 Bh5 19. g4 Bg6 20. Bd3 b5 21. Rd4 Bc5 22. g5 Qd6 23. Rh4 a6 24. a4 Red8 25. Bxg6 hxg6 26. Re1 Qxd5 27. Re8+ Bf8 28. Qxd5 1-0

[Event "Rio de Janeiro Padua Memorial 1st"]
[Site "Rio de Janeiro"]
[Date "2016.10.23"]
[Round "3"]
[White "Rial, Antonio Marcos Pino"]
[Black "Rios Filho, Hilton Carlos da Si"]
[Result "0-1"]
[WhiteElo "1625"]
[BlackElo "2176"]
[PlyCount "72"]
[EventDate "2016.10.22"]
[EventType "swiss"]
[EventRounds "6"]
[EventCountry "BRA"]
[SourceTitle "EXT 2018"]
[Source "ChessBase"]
[SourceDate "2017.10.13"]
[SourceVersion "1"]
[SourceVersionDate "2017.10.13"]
[SourceQuality "1"]

1. d4 d5 2. Bf4 c5 3. e3 Nf6 4. Nd2 e6 5. c3 Bd6 6. Bxd6 Qxd6 7. f4 0-0 8. Bd3 cxd4 9. cxd4 b6 10. Ngf3 Ba6 11. Qe2 Bxd3 12. Qxd3 Nc6 13. Ne5 Nb4 14. Qb3 Rac8 15. 0-0 Rc7 16. Rac1 Rfc8 17. Rxc7 Rxc7 18. a3 Nc6 19. Rf3 Na5 20. Qd1 Qd8 21. h3 Qc8 22. Nd3 Ne4 23. Kh2 Qa6 24. Nxe4 dxe4 25. Nb4 Qb5 26. Rg3 Nc4 27. Qe2 a5 28. Rg5 f5 29. b3 Nxa3 30. Qxb5 Nxb5 31. Na6 Ra7 32. Nb8 h6 33. Rg3 Rc7 34. h4 Nc3 35. Rg6 Kf7 36. h5 Nd5 0-1

[Event "Rio de Janeiro Clube Guanabara 3rd"]
[Site "Rio de Janeiro"]
[Date "2016.07.30"]
[Round "5.1"]
[White "Costa, Carlos Evanir"]
[Black "Rios Filho, Hilton Carlos da Si"]
[Result "1/2-1/2"]
[WhiteElo "2190"]
[BlackElo "2179"]
[PlyCount "49"]
[EventDate "2016.07.16"]
[EventType "swiss"]
[EventRounds "6"]
[EventCountry "BRA"]
[SourceTitle "EXT 2022"]
[Source "ChessBase"]
[SourceDate "2021.10.06"]
[SourceVersion "1"]
[SourceVersionDate "2021.10.06"]
[SourceQuality "1"]

1. d4 d5 2. Nf3 Nf6 3. c4 c6 4. e3 Bf5 5. Nc3 e6 6. Nh4 Bg4 7. Qb3 Qb6 8. h3 Bh5 9. g4 Bg6 10. Nxg6 hxg6 11. Bg2 Qa6 12. cxd5 cxd5 13. g5 Nfd7 14. e4 Nc6 15. Be3 dxe4 16. Bxe4 Bd6 17. 0-0-0 Rc8 18. d5 Na5 19. Qa4 e5 20. Kb1 Nc4 21. Qxa6 bxa6 22. Bxa7 Bb4 23. Rd3 Bxc3 24. bxc3 Nd6 25. Bg2 1/2-1/2